| 000 | 00559nam a2200193Ia 4500 | ||
|---|---|---|---|
| 005 | 20250508151524.0 | ||
| 008 | 008 250505s9999 xx 000 0 eng d | ||
| 037 | _aTextual | ||
| 040 |
_aFEDL _beng _cFEDL |
||
| 041 |
_aeng _2eng |
||
| 084 |
_a500, CLA _qFEDL |
||
| 100 | _aClark John A | ||
| 245 | 0 | _aScience on the March, Book 1 | |
| 260 |
_aBoston, USA _bHoughton Mifflin Company _c1943 |
||
| 300 | _axi,249p | ||
| 700 |
_a Fitzpatrick Krederick L Smith Edith Lillian _9759406 |
||
| 942 |
_cTEXL _h500, CLA |
||
| 999 |
_c1330333 _d1330333 |
||